[Event "IND-ch Rapid"]
[Site "Nashik"]
[Date "2024.03.04"]
[Round "2"]
[White "Aronyak, Ghosh"]
[Black "Dinesh, Rajan M"]
[Result "1-0"]
[WhiteElo "2422"]
[BlackElo "2008"]
[PlyCount "107"]
[EventDate "2024.03.04"]
[EventType "swiss (rapid)"]
[EventRounds "11"]
[EventCountry "IND"]
[SourceTitle "CB11_2024"]
[SourceDate "2024.03.13"]
[SourceVersion "1"]
[SourceVersionDate "2024.03.13"]
[SourceQuality "1"]

1. Nf3 Nf6 2. g3 g6 3. b3 Bg7 4. Bb2 b6 5. Bg2 Bb7 6. 0-0 0-0 7. c4 c5 8. d4 cxd4 9. Qxd4 Nh5 10. Qd2 d6 11. Bxg7 Nxg7 12. Nc3 Nd7 13. Rac1 Rc8 14. Nd5 e6 15. Nc3 Nf6 16. Rfd1 d5 17. Ne5 Qe7 18. Qg5 Rfe8 19. Nb5 Nd7 20. Qxe7 Rxe7 21. Nxd7 Rxd7 22. cxd5 Rxc1 23. Rxc1 exd5 24. Nxa7 Ne6 25. Nb5 Ba6 26. Nc3 Rc7 27. Bxd5 Nd4 28. Kg2 Nb5 29. Bc4 Bb7+ 30. f3 Nxc3 31. Rxc3 b5 32. Bxf7+ Rxf7 33. Rc5 Rd7 34. Kf2 b4 35. Rb5 Ba6 36. Rb6 Ra7 37. Rxb4 Bb7 38. Ra4 Rxa4 39. bxa4 Kf7 40. e4 Ke6 41. Ke3 g5 42. Kd4 Kd6 43. f4 g4 44. f5 Ba6 45. e5+ Kc6 46. f6 Kd7 47. a5 Ke6 48. Kc5 Kd7 49. Kb6 Bc4 50. a6 Ke6 51. a7 Bd5 52. Kc7 Kxe5 53. f7 Bxf7 54. a8Q 1-0

[Event "IND-ch U19"]
[Site "Ahmedabad"]
[Date "2023.09.24"]
[Round "6"]
[White "Mithiran, A."]
[Black "Dinesh, Rajan M"]
[Result "0-1"]
[WhiteElo "1727"]
[BlackElo "1908"]
[PlyCount "104"]
[EventDate "2023.09.20"]
[EventType "swiss"]
[EventRounds "11"]
[EventCountry "IND"]
[SourceTitle "EXT 2024"]
[Source "ChessBase"]
[SourceDate "2023.10.10"]
[SourceVersion "1"]
[SourceVersionDate "2023.10.10"]
[SourceQuality "1"]

1. e4 e5 2. Nf3 Nc6 3. Bb5 Nge7 4. 0-0 a6 5. Ba4 Ng6 6. c3 d5 7. exd5 Qxd5 8. Bb3 Qd3 9. Bc2 Qd6 10. d4 Bg4 11. dxe5 Ngxe5 12. Qxd6 Bxd6 13. Nxe5 Nxe5 14. Nd2 0-0-0 15. Ne4 Be7 16. h3 Be2 17. Re1 Bd3 18. Bxd3 Nxd3 19. Re2 Rhe8 20. g4 Bh4 21. f3 Ne1 22. Bf4 Nxf3+ 23. Kg2 Ne5 24. Rf1 Nd3 25. g5 Nc5 26. Kf3 Rd3+ 27. Kg4 Nxe4 28. Kxh4 Re6 29. Bc1 Rd7 30. Rfe1 Rde7 31. Re3 Kd7 32. Kg4 Nf2+ 33. Kg3 Rxe3+ 34. Rxe3 Rxe3+ 35. Bxe3 Nd3 36. b3 Ke6 37. Kg4 g6 38. c4 Ke5 39. Kf3 Kf5 40. Bd2 Ne5+ 41. Ke3 Kxg5 42. Ke4+ Kf6 43. Kd5 Kf5 44. b4 Nd7 45. c5 Nf6+ 46. Kc4 c6 47. a4 Ke4 48. Bg5 Nd5 49. b5 f5 50. bxa6 bxa6 51. Kb3 Kd3 52. h4 Kd4 0-1

[Event "World-chT Rapid"]
[Site "Dusseldorf"]
[Date "2023.08.27"]
[Round "7.4"]
[White "Ananyev, Yaroslav1111"]
[Black "Dinesh, Rajan M"]
[Result "0-1"]
[WhiteElo "1509"]
[BlackElo "1904"]
[PlyCount "73"]
[EventDate "2023.08.26"]
[EventType "team-swiss (rapid)"]
[EventRounds "12"]
[EventCountry "GER"]
[SourceTitle "CBM 215 Extra"]
[Source "ChessBase"]
[SourceDate "2023.09.30"]
[SourceVersion "1"]
[SourceVersionDate "2023.09.30"]
[SourceQuality "1"]
[WhiteTeam "Chess Pensioners"]
[BlackTeam "Six Pack"]
[WhiteTeamCountry "USA"]
[BlackTeamCountry "IND"]

1. d4 d5 2. Bf4 Nf6 3. Nf3 Bg4 4. Nbd2 c5 5. e3 Nc6 6. c3 e6 7. Be2 Bd6 8. Bxd6 Qxd6 9. 0-0 0-0 10. h3 Bh5 11. Qc2 Rac8 12. Rfe1 Rfe8 13. Nh4 Bxe2 14. Rxe2 cxd4 15. Nhf3 dxc3 16. bxc3 Qc5 17. Qb2 Na5 18. Rc1 Rc7 19. Nd4 Rec8 20. N4b3 Qb5 21. Rc2 Qxe2 22. Nxa5 Qd3 23. Nf3 b6 24. Ne5 Qd1+ 25. Kh2 bxa5 26. Rc1 Qh5 27. Nf3 Ne4 28. c4 Rxc4 29. Rxc4 dxc4 30. Qb7 Nd6 31. Qxa7 Qd5 32. Qd4 Qxd4 33. Nxd4 c3 34. Nc2 Rb8 35. Nd4 Rb2 36. Kg3 c2 37. Nxc2 0-1

[Event "World-chT Rapid"]
[Site "Dusseldorf"]
[Date "2023.08.27"]
[Round "6.5"]
[White "Dinesh, Rajan M"]
[Black "Przedlacki, Wiktor"]
[Result "1-0"]
[WhiteElo "1904"]
[BlackElo "1702"]
[PlyCount "57"]
[EventDate "2023.08.26"]
[EventType "team-swiss (rapid)"]
[EventRounds "12"]
[EventCountry "GER"]
[SourceTitle "CBM 215 Extra"]
[Source "ChessBase"]
[SourceDate "2023.09.30"]
[SourceVersion "1"]
[SourceVersionDate "2023.09.30"]
[SourceQuality "1"]
[WhiteTeam "Six Pack"]
[BlackTeam "Krakow Columbus Energy"]
[WhiteTeamCountry "IND"]
[BlackTeamCountry "POL"]

1. e4 c5 2. Nf3 d6 3. d4 cxd4 4. Nxd4 Nf6 5. Nc3 a6 6. Be3 e5 7. Nf3 Be7 8. Nd2 Be6 9. Nc4 Bxc4 10. Bxc4 Qc7 11. Bb3 Nbd7 12. 0-0 0-0 13. Qe2 Rac8 14. a4 Nc5 15. Bd5 Rfd8 16. Rfd1 Ne6 17. a5 Nd4 18. Bxd4 exd4 19. Rxd4 Nd7 20. Rc4 Qb8 21. Rb4 Nc5 22. Na4 Bf6 23. Nxc5 dxc5 24. Rxb7 Qe5 25. Qxa6 Rb8 26. c3 Rxb7 27. Qxb7 Rb8 28. Qxf7+ Kh8 29. a6 1-0

[Event "World-chT Rapid"]
[Site "Dusseldorf"]
[Date "2023.08.27"]
[Round "8.3"]
[White "Dinesh, Rajan M"]
[Black "Reichmann, Felix"]
[Result "1-0"]
[WhiteElo "1904"]
[BlackElo "1968"]
[PlyCount "91"]
[EventDate "2023.08.26"]
[EventType "team-swiss (rapid)"]
[EventRounds "12"]
[EventCountry "GER"]
[SourceTitle "CBM 215 Extra"]
[Source "ChessBase"]
[SourceDate "2023.09.30"]
[SourceVersion "1"]
[SourceVersionDate "2023.09.30"]
[SourceQuality "1"]
[WhiteTeam "Six Pack"]
[BlackTeam "Berlin Chess Federation"]
[WhiteTeamCountry "IND"]
[BlackTeamCountry "GER"]

1. e4 c5 2. Nf3 Nc6 3. d4 cxd4 4. Nxd4 g6 5. c4 Bg7 6. Be3 Qa5+ 7. Nc3 d6 8. Be2 Nxd4 9. Bxd4 Bxd4 10. Qxd4 Nf6 11. 0-0 0-0 12. b3 Bd7 13. f4 Rfd8 14. Kh1 Bc6 15. Bf3 Kg7 16. Nd5 Bxd5 17. exd5 Qc5 18. Qb2 b5 19. Rac1 bxc4 20. Rxc4 Qb5 21. Re1 Rac8 22. Rc6 Kg8 23. Qc3 Qb7 24. h3 Rxc6 25. dxc6 Qc7 26. b4 a6 27. Qc4 Rb8 28. a4 e6 29. b5 axb5 30. axb5 d5 31. Qc5 Ne8 32. Ra1 Nd6 33. Be2 Ne4 34. Qe3 e5 35. Ra7 exf4 36. Rxc7 fxe3 37. Rb7 Rc8 38. c7 Ng3+ 39. Kh2 Rxc7 40. Rxc7 Nxe2 41. b6 Nd4 42. b7 e2 43. b8Q+ Kg7 44. Re7 Ne6 45. Qe5+ Kf8 46. Rxe6 1-0

[Event "World-chT Rapid"]
[Site "Dusseldorf"]
[Date "2023.08.26"]
[Round "3.5"]
[White "Dinesh, Rajan M"]
[Black "Ozols, Andris"]
[Result "1-0"]
[WhiteElo "1904"]
[BlackElo "1490"]
[PlyCount "65"]
[EventDate "2023.08.26"]
[EventType "team-swiss (rapid)"]
[EventRounds "12"]
[EventCountry "GER"]
[SourceTitle "CBM 215 Extra"]
[Source "ChessBase"]
[SourceDate "2023.09.30"]
[SourceVersion "1"]
[SourceVersionDate "2023.09.30"]
[SourceQuality "1"]
[WhiteTeam "Six Pack"]
[BlackTeam "FIDE Management Board"]
[WhiteTeamCountry "IND"]

1. e4 c5 2. Nf3 d6 3. d4 cxd4 4. Nxd4 Nf6 5. Nc3 g6 6. Be3 Bg7 7. f3 0-0 8. Qd2 Nc6 9. 0-0-0 d5 10. exd5 Nxd5 11. Nxc6 bxc6 12. Bd4 Bxd4 13. Qxd4 Qb6 14. Na4 Qa5 15. b3 Nb6 16. Qc5 Qxc5 17. Nxc5 e6 18. Rd6 Nd5 19. Rxc6 a5 20. a3 Ne7 21. Rd6 Nf5 22. Rb6 e5 23. Bd3 Nd4 24. Re1 Re8 25. f4 Be6 26. Rxe5 Rac8 27. Nxe6 Nxe6 28. g3 Kg7 29. Bc4 Nd4 30. Rb7 Rxc4 31. bxc4 Rc8 32. c5 Nf3 33. Ree7 1-0

[Event "World-chT Rapid"]
[Site "Dusseldorf"]
[Date "2023.08.26"]
[Round "4.2"]
[White "Llari, Marc"]
[Black "Dinesh, Rajan M"]
[Result "1-0"]
[WhiteElo "2092"]
[BlackElo "1904"]
[PlyCount "165"]
[EventDate "2023.08.26"]
[EventType "team-swiss (rapid)"]
[EventRounds "12"]
[EventCountry "GER"]
[SourceTitle "CBM 215 Extra"]
[Source "ChessBase"]
[SourceDate "2023.09.30"]
[SourceVersion "1"]
[SourceVersionDate "2023.09.30"]
[SourceQuality "1"]
[WhiteTeam "Linz AlphaEchecs"]
[BlackTeam "Six Pack"]
[WhiteTeamCountry "AUT"]
[BlackTeamCountry "IND"]

1. e4 c5 2. Nf3 e6 3. d4 cxd4 4. Nxd4 Nf6 5. Nc3 Nc6 6. Be2 Bb4 7. 0-0 Bxc3 8. bxc3 Nxe4 9. Bd3 Nf6 10. Nb5 0-0 11. Ba3 d6 12. Bxd6 Re8 13. Nc7 Nd5 14. Nxe8 Qxe8 15. c4 Nf6 16. Qd2 b6 17. Rfe1 Bb7 18. Be5 Nxe5 19. Rxe5 Rd8 20. Rae1 Qc6 21. Qg5 Rd4 22. f3 Rg4 23. Qe3 Qxf3 24. Qxf3 Bxf3 25. g3 Bc6 26. Rd1 Kf8 27. Be2 Re4 28. Rxe4 Bxe4 29. c3 Ke7 30. Kf2 Bc2 31. Rc1 Ba4 32. Ke3 Nd7 33. Bd1 Bc6 34. a4 Kd6 35. a5 bxa5 36. Ra1 Nb6 37. c5+ Kxc5 38. Rxa5+ Kd6 39. Rxa7 Bd7 40. Be2 f6 41. c4 g5 42. Kd4 e5+ 43. Kc3 Na4+ 44. Kb4 Nc5 45. Ra5 Ne4 46. c5+ Kd5 47. Bf3 f5 48. c6+ Kxc6 49. Bxe4+ fxe4 50. Rxe5 Kd6 51. Rxe4 Bf5 52. Re3 Kd5 53. Kc3 Be4 54. Kd2 Ke5 55. Ra3 Kf5 56. Ke3 Bc6 57. Ra6 Be8 58. h3 h5 59. Ra5+ Kf6 60. Kd4 Bd7 61. Ra6+ Kf7 62. Rh6 Kg7 63. Rxh5 Kg6 64. g4 Bc6 65. Ke5 Bg2 66. Ke6 Bf1 67. Ke7 Bg2 68. Kf8 Bf1 69. Ke7 Bg2 70. Ke6 Bf1 71. Ke5 Bg2 72. Rh8 Kg7 73. Rb8 Bxh3 74. Kf5 Bg2 75. Kxg5 Bf3 76. Rc8 Be2 77. Rc7+ Kf8 78. Kf5 Bd3+ 79. Kf6 Kg8 80. g5 Kh8 81. g6 Bc4 82. Rxc4 Kg8 83. Rc8# 1-0

[Event "Hosur op 3rd"]
[Site "Hosur"]
[Date "2023.02.05"]
[Round "9"]
[White "Dinesh, Rajan M"]
[Black "Ram, S Krishnan"]
[Result "1/2-1/2"]
[WhiteElo "1894"]
[BlackElo "2002"]
[PlyCount "40"]
[EventDate "2023.02.01"]
[EventType "swiss"]
[EventRounds "9"]
[EventCountry "IND"]
[SourceTitle "CBM 212 Extra"]
[Source "ChessBase"]
[SourceDate "2023.03.31"]
[SourceVersion "1"]
[SourceVersionDate "2023.03.31"]
[SourceQuality "1"]

1. e4 e6 2. d4 d5 3. Nc3 dxe4 4. Nxe4 Bd7 5. Nf3 Bc6 6. Bd3 Nd7 7. 0-0 Ngf6 8. Ng3 Be7 9. Re1 Bxf3 10. Qxf3 c6 11. Bg5 0-0 12. Rad1 Re8 13. c4 Nf8 14. h4 N6d7 15. Bxe7 Qxe7 16. h5 Qf6 17. Qg4 h6 18. b3 Qe7 19. Ne4 Nf6 20. Nxf6+ Qxf6 1/2-1/2

[Event "Bhopal op"]
[Site "Bhopal"]
[Date "2017.12.21"]
[Round "1"]
[White "Dinesh, Rajan M"]
[Black "Himanshu, Sharma"]
[Result "0-1"]
[WhiteElo "1717"]
[BlackElo "2469"]
[PlyCount "62"]
[EventDate "2017.12.21"]
[EventType "swiss"]
[EventRounds "10"]
[EventCountry "IND"]
[SourceTitle "CBM 182 Extra"]
[Source "ChessBase"]
[SourceDate "2018.02.23"]
[SourceVersion "1"]
[SourceVersionDate "2018.02.23"]
[SourceQuality "1"]

1. e4 e5 2. Nf3 Nc6 3. Bb5 a6 4. Bxc6 dxc6 5. 0-0 f6 6. h3 c5 7. d3 Be6 8. Be3 Qd7 9. Qe2 g5 10. Nbd2 h6 11. h4 g4 12. Nh2 0-0-0 13. g3 Bd6 14. Kh1 Ne7 15. f4 f5 16. Qf2 Qc6 17. Qg2 Rdf8 18. Rae1 exf4 19. Bxf4 Bxf4 20. gxf4 Ng6 21. Qg3 Bd7 22. Nc4 Qf6 23. Qf2 Qxh4 24. Qxc5 g3 25. Nb6+ Kd8 26. Re2 cxb6 27. Qxb6+ Kc8 28. Qxg6 Rhg8 29. Qd6 Bc6 30. Rg1 fxe4 31. dxe4 Bxe4+ 0-1